|
|
|
|
| LEADER |
01617nkm a2200445 a 4500 |
| 001 |
mzk03001180615 |
| 003 |
CZ BrMZK |
| 005 |
20130208154511.0 |
| 007 |
kj|bo| |
| 008 |
120503s1754 gw ||| f || k|lat|d |
| 040 |
|
|
|a BOA001
|b cze
|
| 072 |
|
7 |
|a 76
|x Grafické umění. Grafika
|2 Konspekt
|9 21
|
| 080 |
|
|
|a 762.11
|2 MRF
|
| 080 |
|
|
|a 762.2
|2 MRF
|
| 080 |
|
|
|a 316.346.2-055.1
|2 MRF
|
| 080 |
|
|
|a (0:82-94)
|2 MRF
|
| 080 |
|
|
|a (0.026.6)76
|2 MRF
|
| 100 |
0 |
|
|a Rembrandt Harmensz. van Rijn,
|d 1606-1669
|7 jn20000701488
|4 aut
|
| 245 |
1 |
0 |
|a [Portrét starého muže]
|h [grafika].
|n No. 249 ; 2 /
|c Rembrand del. Ioh. Georg Hertel exc. A.V.
|
| 260 |
|
|
|a A.V. :
|b Ioh. Georg Hertel exc.,
|c [1754]
|
| 300 |
|
|
|a 1 list :
|b mědirytina ;
|c 22,2 x 17,6 cm na listu 27,5 x 22,5 cm
|
| 500 |
|
|
|a Velikost tiskového zrcadla 24,5 x 18,5 cm
|
| 561 |
|
|
|a Provenience: [razítko] SDR
|
| 561 |
|
|
|a Provenience: [m.p.] R 339 = C 26 845
|
| 590 |
|
|
|a Potrhaný papír je na zadní straně podlepený
|
| 650 |
|
7 |
|a mědirytiny
|7 ph123092
|2 czenas
|
| 650 |
|
7 |
|a lepty
|7 ph158316
|2 czenas
|
| 650 |
|
7 |
|a muži
|7 ph123060
|2 czenas
|
| 655 |
|
7 |
|a portréty
|7 fd133099
|2 czenas
|
| 655 |
|
7 |
|a grafické listy
|7 fd132404
|2 czenas
|
| 700 |
1 |
|
|a Hertel, Johann Georg,
|d 1700-1775
|7 ola2010616676
|4 pbl
|
| 700 |
1 |
|
|a Riedel, Ant.
|4 egr
|
| 856 |
4 |
1 |
|u https://imageserver.mzk.cz/mzk03/001/180/615/3281G028432
|y Digitalizovaný dokument
|
| 903 |
|
|
|a RP
|
| 910 |
|
|
|e BOE950
|c R - GR - 0000.135,9
|
| 985 |
|
|
|a 1751-1800
|
| 990 |
|
|
|a GP
|
| 996 |
|
|
|e BOE950
|c R - GR - 0000.135,9
|
| 980 |
|
|
|c 280432
|g R-GR-0000.135,9
|1 3281G028432
|
| 991 |
|
|
|k rajhrad
|